Catalog

Record Details

Catalog Search



Klinický deník  Cover Image Book Book

Klinický deník / Sándor Ferenczi ; uspořádal a přeložil Michael Balint ; [z anglického vydání ... přeložil Ivo Müller]

Record details

  • ISBN: 978-80-262-0626-2 (váz.)
  • Physical Description: 221 s. ; 24 cm
  • Edition: Vyd. 1.
  • Publisher: Praha : Portál, 2014

Content descriptions

General Note:
Přeloženo z anglické verze francouzského? originálu
Subject: Ferenczi, Sándor, 1873-1933
psychoanalýza
psychoanalytici > Maďarsko > 19.-20. stol.
psychoanalysis
psychoanalysts > Hungary > 19th-20th centuries
Genre: případové studie
deníky
case studies
diaries

Available copies

  • 1 of 1 copy available at Common Catalog SPOK.

Holds

  • 0 current holds with 1 total copy.
Show Only Available Copies
Location Call Number / Copy Notes Barcode Shelving Location Status Due Date
Jabok Library Psy-4.2.1/F 424480035865 Odborná literatura Available -

LDR 01803nam a2200517 a 4500
00119142
003CZ-PrJAB
00520141202131301.0
007ta
008140423s2014 xr e 000 0 cze
015 . ‡acnb002576152
020 . ‡a978-80-262-0626-2 (váz.)
035 . ‡a(CZ PrNK)nkc20142576152
035 . ‡a(OCoLC)886602314
040 . ‡aABA001 ‡bcze
0411 . ‡acze ‡heng ‡hfre
043 . ‡ae-hu---
045 . ‡ax3x3
072 7. ‡a159.96 ‡xZvláštní duševní stavy a procesy ‡2Konspekt ‡917
080 . ‡a159.964.2 ‡2MRF
080 . ‡a159.964.2-051 ‡2MRF
080 . ‡a(439) ‡2MRF
080 . ‡a(078.7) ‡2MRF
080 . ‡a(093.3) ‡2MRF
1001 . ‡aFerenczi, Sándor, ‡d1873-1933 ‡7jn20000601549 ‡4aut
24510. ‡aKlinický deník / ‡cSándor Ferenczi ; uspořádal a přeložil Michael Balint ; [z anglického vydání ... přeložil Ivo Müller]
250 . ‡aVyd. 1.
260 . ‡aPraha : ‡bPortál, ‡c2014
300 . ‡a221 s. ; ‡c24 cm
500 . ‡aPřeloženo z anglické verze francouzského? originálu
60017. ‡aFerenczi, Sándor, ‡d1873-1933 ‡7jn20000601549 ‡2czenas
648 4. ‡a1932
648 7. ‡a19.-20. stol. ‡7ch757015 ‡2czenas
65007. ‡apsychoanalýza ‡7ph117255 ‡2czenas
65007. ‡apsychoanalytici ‡7ph124789 ‡zMaďarsko ‡y19.-20. stol. ‡2czenas
65009. ‡apsychoanalysis ‡2eczenas
65009. ‡apsychoanalysts ‡zHungary ‡y19th-20th centuries ‡2eczenas
655 7. ‡apřípadové studie ‡7fd133208 ‡2czenas
655 7. ‡adeníky ‡7fd132006 ‡2czenas
655 9. ‡acase studies ‡2eczenas
655 9. ‡adiaries ‡2eczenas
7001 . ‡aBalint, Michael, ‡d1896-1970 ‡7jo2002101367 ‡4edt ‡4trl
76508. ‡iNázev anglického vyd.: ‡tClinical diary of Sándor Ferenczi ‡9Česky
910 . ‡aABG312
9281 . ‡aPortál
901 . ‡a19142 ‡b ‡c19142 ‡tbiblio

Additional Resources